000 00655nam a2200205Ia 4500
001 14553
003 IVS
005 20250626030537.0
008 211022s9999 xx 000 0 und d
040 _cIVS
082 _a746 HYA
100 _aHya Haider
245 0 _aWith the influx of the west on the Pakistani fashion industry, where does the importance of being made in Pakistan lie in this global world?
260 _aKarachi
260 _bIndus Valley School of Art & Architecture
260 _c2019
300 _a33 pages
856 _uhttps://drive.google.com/file/d/1VP2nvkTIU52glkpOF3RW1EGDpYk8-StW/view?usp=sharing
942 _cDISS
_2ddc
_n0
999 _c10263
_d10263